| 000 | 00853nam a2200205Ia 4500 | ||
|---|---|---|---|
| 001 | 11541 | ||
| 003 | GE_BSU | ||
| 008 | 181216s||||||||xx |||||||||||||| ||und|| | ||
| 040 | _cGE_BSU | ||
| 080 | _a821.353.1(09) | ||
| 245 | _aლიტერატურული ძიებანი. | ||
| 245 | _bშრომების კრებული. XI. | ||
| 245 | _cსარედ.კოლეგია:გიორგი ლეონიძე (პ/მგ.რედ.) გიორგი აბზიანიძე;ალექსანდრე ბარამიძე და სხვ. | ||
| 260 | _aთბილისი. | ||
| 260 | _bსაქ.სსრ მეცნ.აკად.გამბა. | ||
| 260 | _c1958. | ||
| 300 | _a470გვ;26სმ. | ||
| 653 | _aლიტერატურული ძიებანი. | ||
| 942 | _cBK | ||
| 999 |
_c44736 _d44736 |
||